00382 2200145 4500001002100000005001500021035002000036245006500056100000800121300003100129260003000160082001100190084001700201020001800218INLIS00000000000037820260408083902 a0010-04260000061 aJoe and the Magic snowman :bA Faraway Tree Adcenture /cJoe0 aJoe a106 hlm . :bilus ;c20 cm aMalaysia :bEgmont,c2017 a813.54 a813.54 JOE j a9781405286077